|
|
|
แสดงรายละเอียดบรรณานุกรม |
|
|
Brief Record
: Get Marc (ISO 2709)
: E-mail record
: |
|
|
| LEADER 00000nam 2200000uu 4500 | |||
| 001 13399139039 | |||
| 003 ULIB | |||
| 008 260430s||||||||th 000 0 tha d | |||
| 060 4 ^aWS105.5^bว195น 2551 | |||
| 100 0 ^aวรดนู จีระเดชากุล | |||
| 245 10 ^aนันทนาการสำหรับเด็ก =^b Reaction for children /^cวรดนู จีระเดชากุล | |||
| 260 ^aกรุงเทพฯ :^bสำนักพิมพ์แห่งจุฬาลงกรณ์มหาวิทยาลัย,^c2551 | |||
| 300 ^a231 หน้า :^bภาพประกอบ | |||
| 650 7 ^aเด็ก^xนันทนาการ | |||
| 999 ^aอรทัย | |||
| คุณยังไม่ได้ล็อกอิน คุณสามารถมีกิจกรรมร่วมกับเว็บไซต์ได้ แต่ต้องล็อกอินก่อน :: |
|
| สถานะ | |||||||||
| 1. | หนังสือทั่วไป | WS105.5 ว195น2551 ฉ.3 Barcode: B0029782 | ►ห้องศูนย์ศึกษาพยาบาลเวชปฏิบัติ | บนชั้น ขอยืม | |||||
| Note:บริจาค | |||||||||
| [แสดง 1/1 รายการ] | |||||||||
| รายการใกล้เคียง ผู้แต่ง [วรดนู จีระเดชากุล] |
BibComment |
| คอมเมนท์ทรัพยากรรายการนี้ |
|
|